000 00678nam a2200217 i 4500
001 106421
003 ES-MaACL
005 20250827231410.0
007 t|
008 061114s1997 fr ||||1| fre d
020 _a2-08-07-3014-2
080 _a165.72
245 0 3 _aLe scepticisme /
_cintroduction, choix de textes, commentaires, vade-mecum et bibliographie par Thomas Bénatouïl.
260 _aParis :
_bFlammarion,
_c[1997]
300 _a244 p. ;
_c18 cm.
500 _aBiblioteca Jacinto Martínez Lacalle.
650 1 7 _aEscepticismo
_2embne
_912353
700 1 _aBénatouïl, Thomas.
_927433
852 _aES-MaACL
_jE-11392
_bR.139107
999 _c106421
_d106421